An introduction to the mechanics of machines (Record no. 48044)

MARC details
000 -LEADER
fixed length control field 00534nam a2200157 a 4500
008 - FIXED-LENGTH DATA ELEMENTS--GENERAL INFORMATION
fixed length control field 120416s0000 ||||||||||||||||| || u
020 ## - INTERNATIONAL STANDARD BOOK NUMBER
International Standard Book Number 0582447291
050 ## - LIBRARY OF CONGRESS CALL NUMBER
Classification number TJ 170 Mor
100 ## - MAIN ENTRY--PERSONAL NAME
Personal name Morrison, J. L. M
245 13 - TITLE STATEMENT
Title An introduction to the mechanics of machines
250 ## - EDITION STATEMENT
Edition statement 2nd (SI un
260 ## - PUBLICATION, DISTRIBUTION, ETC.
Place of publication, distribution, etc. London
Name of publisher, distributor, etc. Longman
Date of publication, distribution, etc. 1970
300 ## - PHYSICAL DESCRIPTION
Extent vi, 461p. : ill.
350 ## - PRICE (NR) (BK AM CF MU VM SE) [OBSOLETE]
Price 0.00
995 ## - RECOMMENDATION 995 [LOCAL, UNIMARC FRANCE]
-- 0.00
-- CBU-MAIN LIBRARY (Kitwe)
-- 1
-- 3.25
-- AVAILABLE
-- Main Library Open Access Collection
Holdings
Withdrawn status Lost status Source of classification or shelving scheme Damaged status Not for loan Home library Current library Shelving location Date acquired Total Checkouts Full call number Barcode Date last seen Price effective from Koha item type
          CBU-MAIN LIBRARY, KITWE. CBU-MAIN LIBRARY, KITWE.   11/30/2022   TJ 170 Mor 024621 11/30/2022 11/30/2022 MONOGRAPH